<?xml version="1.0" encoding="UTF-8"?>
<record
    xmlns:xsi="http://www.w3.org/2001/XMLSchema-instance"
    xsi:schemaLocation="http://www.loc.gov/MARC21/slim http://www.loc.gov/standards/marcxml/schema/MARC21slim.xsd"
    xmlns="http://www.loc.gov/MARC21/slim">

  <leader>00357nam a2200133   4500</leader>
  <controlfield tag="005">20260209161811.0</controlfield>
  <controlfield tag="008">260209b        |||||||| |||| 00| 0 eng d</controlfield>
  <datafield tag="020" ind1=" " ind2=" ">
    <subfield code="a">9783822830529</subfield>
    <subfield code="q">Hbk</subfield>
  </datafield>
  <datafield tag="082" ind1=" " ind2=" ">
    <subfield code="a">709 NER</subfield>
  </datafield>
  <datafield tag="100" ind1=" " ind2=" ">
    <subfield code="a">Matisse, Henri</subfield>
  </datafield>
  <datafield tag="245" ind1=" " ind2=" ">
    <subfield code="a">Cut - outs</subfield>
    <subfield code="b">:Drawing with scissors</subfield>
    <subfield code="c">Henri Matisse</subfield>
  </datafield>
  <datafield tag="260" ind1=" " ind2=" ">
    <subfield code="a">Hong Kong</subfield>
    <subfield code="b">Taschen </subfield>
    <subfield code="c">2009</subfield>
  </datafield>
  <datafield tag="942" ind1=" " ind2=" ">
    <subfield code="c">REF</subfield>
  </datafield>
  <datafield tag="999" ind1=" " ind2=" ">
    <subfield code="c">611268</subfield>
    <subfield code="d">611268</subfield>
  </datafield>
  <datafield tag="952" ind1=" " ind2=" ">
    <subfield code="0">0</subfield>
    <subfield code="1">0</subfield>
    <subfield code="4">0</subfield>
    <subfield code="7">0</subfield>
    <subfield code="a">ACL</subfield>
    <subfield code="b">ACL</subfield>
    <subfield code="c">6B</subfield>
    <subfield code="d">2026-02-09</subfield>
    <subfield code="l">0</subfield>
    <subfield code="o">709 NER</subfield>
    <subfield code="p">389977</subfield>
    <subfield code="r">2026-02-09 16:18:45</subfield>
    <subfield code="w">2026-02-09</subfield>
    <subfield code="y">REF</subfield>
  </datafield>
</record>
